000 00621nam a2200229Ia 4500
003 OSt
005 20220918200659.0
006 a|||||r|||| 00| 0
007 ta
008 220917b |||||||| |||| 00| 0 eng d
024 _a89,818
037 _cTextual
040 _aARTS
_cARTS
_beng
041 _2eng
_aeng
082 _aU8:63wM13, A (906)
100 _aLivingstone David
245 0 _aMissionary travels and researches in South Africa etc.
260 _aNa
_bNa
_c1800
650 _aGEOGRAPHY
942 _hU8:63wM13, A (906)
_cTEXL
_2CC
999 _c213487
_d213487